Chopin and George Sand in Majorca: (Record no. 14660)
[ view plain ]
| 000 -LEADER | |
|---|---|
| fixed length control field | 01229cam a2200301 4500 |
| 001 - CONTROL NUMBER | |
| control field | 3614735 |
| 005 - DATE AND TIME OF LATEST TRANSACTION | |
| control field | 20030603140110.0 |
| 008 - FIXED-LENGTH DATA ELEMENTS--GENERAL INFORMATION | |
| fixed length control field | 731130s1961nyua |rb 000 0ceng d |
| 010 ## - LIBRARY OF CONGRESS CONTROL NUMBER | |
| LC control number | 73021620 |
| 040 ## - CATALOGING SOURCE | |
| Original cataloging agency | DLC |
| Transcribing agency | DLC |
| Modifying agency | DLC |
| 041 1# - LANGUAGE CODE | |
| Language code of text/sound track or separate title | eng |
| Language code of original and/or intermediate translations of text | cat |
| 043 ## - GEOGRAPHIC AREA CODE | |
| Geographic area code | e-sp--- |
| 050 00 - LIBRARY OF CONGRESS CALL NUMBER | |
| Classification number | ML410.C54 |
| Item number | F513 |
| 082 00 - DEWEY DECIMAL CLASSIFICATION NUMBER | |
| Classification number | 786.10924 |
| Item number | FER |
| 100 1# - MAIN ENTRY--PERSONAL NAME | |
| Personal name | Ferra, Bartomeu |
| Dates associated with a name | 1893-1946. |
| 9 (RLIN) | 17485 |
| 245 10 - TITLE STATEMENT | |
| Title | Chopin and George Sand in Majorca: |
| Statement of responsibility, etc | [by] Bartomeu Ferra; Translated from the Spanish by James Webb; Preceded by an extract from "The memoirs of Aurore Sand." |
| 260 ## - PUBLICATION, DISTRIBUTION, ETC. (IMPRINT) | |
| Place of publication, distribution, etc | Palma de Mallorca: |
| Name of publisher, distributor, etc | [Ediciones La Cartuja] , |
| Date of publication, distribution, etc | [1936] |
| 300 ## - PHYSICAL DESCRIPTION | |
| Extent | 82, [4] p.: |
| Other physical details | ill., ports. ; |
| Dimensions | 20 cm. |
| 500 ## - GENERAL NOTE | |
| General note | Translation of: Chopin i George Sand a la Cartoixa de Valldemosa. |
| 504 ## - BIBLIOGRAPHY, ETC. NOTE | |
| Bibliography, etc | Bibliography: p. [87] |
| 541 ## - IMMEDIATE SOURCE OF ACQUISITION NOTE | |
| Source of acquisition | Alaa Abdel Ghany; |
| 600 10 - SUBJECT ADDED ENTRY--PERSONAL NAME | |
| Personal name | Chopin, Frederic |
| Dates associated with a name | 1810-1849 |
| 9 (RLIN) | 17483 |
| 600 10 - SUBJECT ADDED ENTRY--PERSONAL NAME | |
| Personal name | Sand, George, |
| Dates associated with a name | 1804-1876 |
| General subdivision | Relations with men. |
| 9 (RLIN) | 17486 |
| 600 10 - SUBJECT ADDED ENTRY--PERSONAL NAME | |
| Personal name | Sand, George, |
| Dates associated with a name | 1804-1876 |
| 9 (RLIN) | 17484 |
| 651 #0 - SUBJECT ADDED ENTRY--GEOGRAPHIC NAME | |
| Geographic name | Majorca (Spain) |
| Form subdivision | Biography. |
| 9 (RLIN) | 17487 |
| 942 ## - ADDED ENTRY ELEMENTS (KOHA) | |
| Source of classification or shelving scheme | Dewey Decimal Classification |
| Item type | Book - Borrowing |
| Withdrawn status | Item status | Source of classification or shelving scheme | Damaged status | Not for loan | Home library | Current library | Shelving location | Date acquired | Source of acquisition | Full call number | Barcode | Date last seen | Koha item type |
|---|---|---|---|---|---|---|---|---|---|---|---|---|---|
| Dewey Decimal Classification | Central Library | Central Library | Second Floor | 12/08/2010 | Donation | 786.10924 FER | 000019628 | 15/07/2025 | Book - Borrowing |